| 000 | 00596cam a22001817a 4500 | ||
|---|---|---|---|
| 020 | _a1596930365 | ||
| 082 | 0 | 0 | _a621.38132 |
| 100 | 1 |
_aMarsh, Steve, _cPh. D. |
|
| 245 | 1 | 0 |
_aPractical MMIC design _cSteve Marsh. |
| 260 |
_aBoston : _bArtech House, Inc., _cc2006. |
||
| 300 |
_axvii, 356 p. : _bill. ; _c24 cm. |
||
| 504 | _aIncludes bibliographical references and index. | ||
| 650 | 0 |
_aMicrowave integrated circuits _990112 |
|
| 942 |
_2ddc _cBK |
||
| 999 |
_c588271 _d588271 |
||